New Wave Bands by Their Most Popular Song - Statistics

General Stats
  • This quiz has been taken 166 times
  • The average score is 25 of 45
Answer Stats
Song Artist % Correct
Every Breath You Take The Police
95%
Take on Me A-ha
92%
Everybody Wants to Rule the World Tears for Fears
92%
Sweet Dreams Eurythmics
89%
Psycho Killer Talking Heads
87%
Tainted Love Soft Cell
86%
Hungry Like the Wolf Duran Duran
85%
Call Me Blondie
84%
Blue Monday New Order
83%
Enjoy the Silence Depeche Mode
82%
Boys Don't Cry The Cure
81%
Love Shack B-52s
79%
99 Luftballons Nena
73%
Don't You Want Me The Human League
72%
Whip It DEVO
71%
Video Killed the Radio Star The Buggles
66%
Our House Madness
64%
Rock Me Amadeus Falco
63%
The Safety Dance Men Without Hats
63%
The Killing Moon Echo and the Bunnymen
61%
You Spin me Round Dead or Alive
58%
Need You Tonight INXS
58%
Take My Breath Away Berlin
56%
Cars Gary Numan
55%
Bela Lugosi's Dead Bauhaus
53%
Too Shy Kajagoogoo
52%
Always on My Mind Pet Shop Boys
52%
Spellbound Siouxsie and the Banshees
50%
Venus Bananarama
49%
Dance Hall Days Wang Chung
45%
Dear God XTC
45%
Puttin' on the Ritz Taco
44%
Dead Man's Party Oingo Boingo
40%
I'll Melt with You Modern English
37%
Only You Yazoo
36%
The Promise When in Rome
33%
Mexican Radio Wall of Voodoo
28%
Sea, Swallow Me Cocteau Twins
27%
Closer Nine Inch Nails
24%
19 Paul Hardcastle
21%
Ecstasy (Apple of my Eye) Strawberry Switchblade
15%
Collapsing New People Fad Gadget
10%
What's on Your Mind Information Society
10%
Destination Unknown Missing Persons
10%
Afuera Caifanes
5%
No matching quizzes found
Score Distribution
Percent of People with Each Score
Percentile by Number Answered
Your Score History
You have not taken this quiz